000 00628nam a2200217 a 4500
001 BRCA_6155
005 20190320205343.0
008 050711s1921----gw-abc####---#000-0#ger-#
041 _ager
044 _agw
050 4 _aD581
_b.L83 1921
245 1 0 _aSteeufel
_babenteuer aus meinem Leben
_cvon Graf Feliz V. Luckner.
260 _aLeipzig
_bK. F. Koehler
_c1921
300 _a316 p.
_bil., mapas, retratos
_c22 cm.
500 _aTítulo de cubierta: Graf Luckner Seeteufel
500 _aEstado físico: faltante de lomo
500 _aI44
650 1 4 _aGuerra Europea
_y1914-1918
_914945
902 _aGFM
942 _2lcc
_cB
999 _c5842
_d5842